00745nam a2200277Ia 4500008004100000020001800041050001400059100001900073245002200092245002200114260001900136260002100155260000900176300001600185300002000201300001000221650001500231650002300246650001800269650001300287650001300300650001300313700001100326999001900337952011100356181129s9999 xx 000 0 und d a9780385737951 bD229 2009 aDashner, James 4aThe maze runner / 0cby James Dashner. aNew York, NY : bDelacorte Press, c2009 a375 pages : billustrations ; c21cm. aAmnesia -- aCooperativeness -- aLabyrinths -- xFiction. xFiction. xFiction. aTitle. c360235d360235 001040aSSISMbSSISMcSSISMd2018-11-29l0oFIC D229 2009pSSISM6029r2018-11-29 00:00:00w2018-11-29yBK